| 000 | 00347nam a2200145Ia 4500 | ||
|---|---|---|---|
| 003 | LK-CoDNM | ||
| 008 | 010623t xxu||||| |||| 00| 1 eng d | ||
| 040 |
_aLK-CoDNM _dLK-CoDNM _eLK-CoDNM |
||
| 041 | _aeng | ||
| 080 |
_a50 _bD5 |
||
| 245 | _aThe Ceylon Chauffeurs : Provident Association | ||
| 300 | _b7p., 17 cm | ||
| 650 | _aDrivers | ||
| 942 | _cBK | ||
| 999 |
_c136011 _d136011 |
||